[Event "Titled Tuesday 2021.11.30"]
[Site "Chess.com INT"]
[Date "2021.11.30"]
[Round "2"]
[White "Preotu, Razvan"]
[Black "Le Goff, Ronan"]
[Result "1-0"]
[WhiteElo "2473"]
[BlackElo "2277"]
[WhiteFideId "-1"]
[WhiteFideId "-1"]
[PlyCount "143"]
[GameId "1722819181391872"]
[EventDate "2021.11.30"]
[EventType "swiss (blitz)"]
[EventRounds "11"]
[EventCountry "NET"]
[SourceTitle "CBM 205 Extra"]
[Source "ChessBase"]
[SourceDate "2022.01.31"]
[SourceVersion "1"]
[SourceVersionDate "2022.01.31"]
[SourceQuality "1"]

1. e4 e5 2. Nf3 Nc6 3. Bc4 Nf6 4. d3 Be7 5. O-O O-O 6. a4 d6 7. Re1 Be6 8. a5 a6 9. Nc3 Qd7 10. Nd5 Bxd5 11. exd5 Nb8 12. d4 exd4 13. Nxd4 Re8 14. Qf3 Bf8 15. Bg5 Rxe1+ 16. Rxe1 Ng4 17. Qg3 Ne5 18. Bb3 c5 19. dxc6 Nbxc6 20. Nxc6 bxc6 21. Bf6 Re8 22. Bxe5 Rxe5 23. Rxe5 dxe5 24. h3 e4 25. Qe3 Qd1+ 26. Kh2 Bd6+ 27. g3 Qf3 28. Qxf3 exf3 29. Bc4 Bb4 30. Bxa6 Bxa5 31. Bb7 c5 32. Bxf3 f6 33. Bd5+ Kf8 34. Kg2 Ke7 35. f4 Kd6 36. Bc4 h6 37. Kf3 Bb4 38. h4 Ba5 39. h5 Bd8 40. Ke4 Ke7 41. Kf5 Bc7 42. Kg6 Kf8 43. Kf5 Bd6 44. Ke6 Bc7 45. Kd7 Ba5 46. Kc6 Be1 47. Kxc5 Bxg3 48. f5 Ke7 49. Kc6 Kd8 50. b4 Kc8 51. b5 Kb8 52. b6 Bf2 53. Be6 Be3 54. c4 Bf2 55. c5 Be3 56. Kb5 Bf4 57. c6 Be5 58. c7+ Bxc7 59. bxc7+ Kxc7 60. Kc5 Kd8 61. Kd6 Ke8 62. Bd5 Kf8 63. Kd7 g5 64. fxg6 Kg7 65. Ke6 f5 66. Kxf5 Kh8 67. Be4 Kg7 68. Ke6 Kh8 69. Kf6 Kg8 70. Bd5+ Kh8 71. g7+ Kh7 72. g8=Q# 1-0

[Event "Titled Tuesday 2021.11.30"]
[Site "Chess.com INT"]
[Date "2021.11.30"]
[Round "10"]
[White "Perez Ponsa, Federico"]
[Black "Preotu, Razvan"]
[Result "1-0"]
[WhiteElo "2554"]
[BlackElo "2473"]
[WhiteFideId "-1"]
[WhiteFideId "-1"]
[PlyCount "95"]
[GameId "1722819187458048"]
[EventDate "2021.11.30"]
[EventType "swiss (blitz)"]
[EventRounds "11"]
[EventCountry "NET"]
[SourceTitle "CBM 205 Extra"]
[Source "ChessBase"]
[SourceDate "2022.01.31"]
[SourceVersion "1"]
[SourceVersionDate "2022.01.31"]
[SourceQuality "1"]

1. e4 c5 2. Nf3 d6 3. Bb5+ Nd7 4. c3 Ngf6 5. Bd3 a6 6. Bc2 b5 7. d4 e6 8. O-O Bb7 9. Re1 Be7 10. Nbd2 Qc7 11. Nf1 O-O 12. Ng3 Rfc8 13. Bd3 b4 14. e5 Bxf3 15. Qxf3 dxe5 16. Bg5 bxc3 17. bxc3 cxd4 18. cxd4 exd4 19. Nf5 Bf8 20. Rac1 Qa5 21. Nh6+ gxh6 22. Bxf6 Nxf6 23. Qxf6 Bg7 24. Qf3 Rab8 25. Qe4 Rxc1 26. Qxh7+ Kf8 27. Rxc1 Qd2 28. Rf1 Qxa2 29. Qe4 a5 30. Qc6 Qb3 31. Qc5+ Kg8 32. Be4 Qb4 33. Qc7 a4 34. g3 a3 35. Qa7 Rc8 36. Rb1 Qc5 37. Qa6 Bf8 38. Rb7 Qe5 39. Qe2 Rc1+ 40. Kg2 a2 41. Bh7+ Kxh7 42. Qxe5 a1=Q 43. Rxf7+ Kg8 44. Qf6 Rg1+ 45. Kh3 Qf1+ 46. Kh4 Qd3 47. Rxf8+ Kh7 48. Rh8# 1-0

[Event "Titled Tuesday 2021.11.30"]
[Site "chess.com INT"]
[Date "2021.11.30"]
[Round "8"]
[White "Preotu, Razvan"]
[Black "Al Tarbosh, Ward"]
[Result "1-0"]
[WhiteElo "2473"]
[BlackElo "2229"]
[WhiteFideId "-1"]
[WhiteFideId "-1"]
[PlyCount "115"]
[GameId "2130307580618335"]
[EventDate "2021.11.30"]
[EventType "swiss (blitz)"]
[EventRounds "11"]
[EventCountry "NET"]
[SourceTitle "The Week in Chess 1413"]
[Source "Mark Crowther"]
[SourceDate "2021.12.06"]
[SourceVersion "1"]
[SourceVersionDate "2021.12.06"]
[SourceQuality "2"]

1. e4 b6 2. d4 Bb7 3. Bd3 e6 4. Qe2 Be7 5. c4 Nc6 6. Nf3 Nb4 7. Nc3 d6 8. Bb1 c5 9. d5 e5 10. a3 Na6 11. h4 Nc7 12. h5 h6 13. g3 Qd7 14. Bc2 a6 15. Ba4 b5 16. cxb5 axb5 17. Bxb5 Nxb5 18. Qxb5 Qxb5 19. Nxb5 Kd7 20. Nd2 Ba6 21. Nc3 Nf6 22. b3 Rhb8 23. Rb1 Bd3 24. Ra1 Bd8 25. f3 Ba5 26. Bb2 Bb6 27. g4 c4 28. b4 Bd4 29. Rc1 Nh7 30. Nd1 Bxb2 31. Nxb2 Rxa3 32. Ndxc4 Bxc4 33. Nxc4 Rxf3 34. Ra1 Rc3 35. Ra7+ Kd8 36. Na5 Rc1+ 37. Kd2 Rxh1 38. Nc6+ Ke8 39. Nxb8 Nf6 40. Nc6 Nxe4+ 41. Kd3 Nf2+ 42. Kc2 Nxg4 43. Re7+ Kf8 44. Rd7 Kg8 45. Rxd6 Ne3+ 46. Kd3 Rh3 47. Ke2 Nf5 48. Rd8+ Kh7 49. d6 e4 50. d7 Rh2+ 51. Kf1 Ng3+ 52. Kg1 Rd2 53. Ne5 e3 54. Rc8 e2 55. Kf2 Ne4+ 56. Ke1 Rd5 57. d8=N Rxe5 58. Nxf7 1-0

[Event "Titled Tuesday 2021.11.23"]
[Site "Chess.com INT"]
[Date "2021.11.23"]
[Round "2"]
[White "Preotu, Razvan"]
[Black "Kukula, Pawel"]
[Result "1-0"]
[WhiteElo "2473"]
[BlackElo "2109"]
[WhiteFideId "-1"]
[WhiteFideId "-1"]
[PlyCount "99"]
[GameId "1720254219300864"]
[EventDate "2021.11.23"]
[EventType "swiss (blitz)"]
[EventRounds "11"]
[EventCountry "NET"]
[SourceTitle "CBM 205 Extra"]
[Source "ChessBase"]
[SourceDate "2022.01.31"]
[SourceVersion "1"]
[SourceVersionDate "2022.01.31"]
[SourceQuality "1"]

1. e4 Nc6 2. Nf3 d6 3. d4 Nf6 4. Nc3 Bg4 5. d5 Nb8 6. h3 Bxf3 7. Qxf3 g6 8. g4 h5 9. g5 Nfd7 10. Be2 Bg7 11. Bd2 c5 12. Qg3 a6 13. f4 b5 14. O-O b4 15. Nd1 O-O 16. c3 a5 17. Ne3 Nb6 18. Rad1 N8d7 19. e5 dxe5 20. f5 e4 21. Qh4 Na4 22. Qxe4 Nxb2 23. Rc1 Na4 24. fxg6 fxg6 25. Qxg6 Ne5 26. Qe6+ Kh8 27. Nf5 Rxf5 28. Rxf5 bxc3 29. Bxc3 Nxc3 30. Rxc3 Qd6 31. Re3 Qxe6 32. dxe6 Ng6 33. Kf1 Rb8 34. Rb3 Rd8 35. Bxh5 Ne5 36. Be2 c4 37. Rb5 Nd3 38. Rbd5 Rxd5 39. Rxd5 Nf4 40. Rd8+ Kh7 41. Bxc4 Kg6 42. h4 Kh5 43. Ra8 Bc3 44. Ra7 Bb4 45. Kf2 Kxh4 46. Kf3 Kxg5 47. Ke4 Ng6 48. a3 Bxa3 49. Rxa5+ Kf6 50. Rxa3 1-0

[Event "Titled Tuesday 2021.11.23"]
[Site "Chess.com INT"]
[Date "2021.11.23"]
[Round "3"]
[White "Ibrahimli, Murad Sultanali"]
[Black "Preotu, Razvan"]
[Result "1-0"]
[WhiteElo "2424"]
[BlackElo "2473"]
[WhiteFideId "-1"]
[WhiteFideId "-1"]
[PlyCount "91"]
[GameId "1720254220279808"]
[EventDate "2021.11.23"]
[EventType "swiss (blitz)"]
[EventRounds "11"]
[EventCountry "NET"]
[SourceTitle "CBM 205 Extra"]
[Source "ChessBase"]
[SourceDate "2022.01.31"]
[SourceVersion "1"]
[SourceVersionDate "2022.01.31"]
[SourceQuality "1"]

1. d4 Nf6 2. c4 g6 3. Nc3 d5 4. Nf3 Bg7 5. e3 O-O 6. cxd5 Nxd5 7. Bc4 Nb6 8. Bb3 c5 9. h3 cxd4 10. exd4 Nc6 11. d5 Na5 12. O-O Qd6 13. Bg5 Nxb3 14. axb3 Bd7 15. Re1 Rfe8 16. Qd2 e6 17. Ne4 Qxd5 18. Qf4 Qf5 19. Qh4 Bc6 20. Nd6 Qc2 21. Nxe8 Rxe8 22. Ne5 Bd5 23. Bf6 Qxb2 24. Bxg7 Kxg7 25. Rab1 Qa3 26. Ng4 Qe7 27. Qh6+ Kg8 28. Qf4 Nd7 29. Rbd1 h5 30. Rxd5 hxg4 31. Rd3 gxh3 32. Rxh3 Qf6 33. Qc7 Re7 34. Rf3 Qg5 35. Rg3 Qf6 36. Qxb7 Nf8 37. Qe4 Rd7 38. Rf3 Qb2 39. Rh3 Nh7 40. Qh4 Qg7 41. Rc1 Nf8 42. Kh2 Qe5+ 43. f4 Qg7 44. Rc8 Rb7 45. Rxf8+ Kxf8 46. Qd8# 1-0

[Event "Titled Tuesday 2021.11.23"]
[Site "Chess.com INT"]
[Date "2021.11.23"]
[Round "5"]
[White "Gogolev, Artem"]
[Black "Preotu, Razvan"]
[Result "0-1"]
[WhiteElo "2296"]
[BlackElo "2473"]
[WhiteFideId "-1"]
[WhiteFideId "-1"]
[PlyCount "64"]
[GameId "1720254222004224"]
[EventDate "2021.11.23"]
[EventType "swiss (blitz)"]
[EventRounds "11"]
[EventCountry "NET"]
[SourceTitle "CBM 205 Extra"]
[Source "ChessBase"]
[SourceDate "2022.01.31"]
[SourceVersion "1"]
[SourceVersionDate "2022.01.31"]
[SourceQuality "1"]

1. d4 Nf6 2. Nf3 g6 3. Nbd2 d5 4. c4 c5 5. dxc5 d4 6. Nb3 e5 7. Nxe5 Bxc5 8. Nxc5 Qa5+ 9. Bd2 Qxc5 10. Qa4+ Nbd7 11. Nd3 Qf5 12. c5 Qd5 13. Bh6 b5 14. Qb3 Bb7 15. Qxb5 Rb8 16. Nb4 Qh5 17. Bg7 Bxg2 18. Qa4 Bxh1 19. Bxh8 Qxc5 20. Bxf6 Qxb4+ 21. Qxb4 Rxb4 22. Bg5 Rxb2 23. Bh3 Bd5 24. O-O-O Rxa2 25. Rxd4 Nb6 26. Bg4 f5 27. Bf3 Bxf3 28. exf3 Rxf2 29. h4 Rxf3 30. Rd6 Rc3+ 31. Kd2 Nc4+ 32. Kxc3 Nxd6 0-1

[Event "Titled Tuesday 2021.11.23"]
[Site "Chess.com INT"]
[Date "2021.11.23"]
[Round "6"]
[White "Preotu, Razvan"]
[Black "Klabis, Rokas"]
[Result "1-0"]
[WhiteElo "2473"]
[BlackElo "2353"]
[WhiteFideId "-1"]
[WhiteFideId "-1"]
[PlyCount "73"]
[GameId "1720254223028224"]
[EventDate "2021.11.23"]
[EventType "swiss (blitz)"]
[EventRounds "11"]
[EventCountry "NET"]
[SourceTitle "CBM 205 Extra"]
[Source "ChessBase"]
[SourceDate "2022.01.31"]
[SourceVersion "1"]
[SourceVersionDate "2022.01.31"]
[SourceQuality "1"]

1. e4 e5 2. Nf3 Nc6 3. Bc4 Bc5 4. c3 Nf6 5. d3 d6 6. O-O a6 7. a4 h6 8. Re1 O-O 9. h3 Ba7 10. Nbd2 Re8 11. b4 Be6 12. Bxe6 Rxe6 13. Qc2 Qd7 14. Rb1 Ne7 15. Nf1 Rd8 16. Ng3 Ng6 17. c4 Ree8 18. Bd2 c6 19. b5 axb5 20. axb5 d5 21. b6 Bb8 22. c5 Nf4 23. Rb3 g6 24. Be3 Kg7 25. Ra1 h5 26. Ra8 Rh8 27. Rxb8 Rxb8 28. Nxe5 Nxh3+ 29. gxh3 Qxh3 30. Bd4 h4 31. Nf1 Rh5 32. Qd2 Kg8 33. Qf4 Rf8 34. Qxf6 dxe4 35. dxe4 Qxb3 36. Nxg6 Rh7 37. Ne7# 1-0

[Event "Titled Tuesday 2021.11.23"]
[Site "Chess.com INT"]
[Date "2021.11.23"]
[Round "9"]
[White "Manukyan, Sargis A"]
[Black "Preotu, Razvan"]
[Result "0-1"]
[WhiteElo "2113"]
[BlackElo "2473"]
[WhiteFideId "-1"]
[WhiteFideId "-1"]
[PlyCount "116"]
[GameId "1720254225575936"]
[EventDate "2021.11.23"]
[EventType "swiss (blitz)"]
[EventRounds "11"]
[EventCountry "NET"]
[SourceTitle "CBM 205 Extra"]
[Source "ChessBase"]
[SourceDate "2022.01.31"]
[SourceVersion "1"]
[SourceVersionDate "2022.01.31"]
[SourceQuality "1"]

1. d4 Nf6 2. e3 d5 3. Nf3 Bf5 4. Be2 c5 5. O-O e6 6. b3 Nc6 7. Bb2 Be7 8. dxc5 Bxc5 9. Nbd2 O-O 10. c4 d4 11. exd4 Nxd4 12. Nxd4 Bxd4 13. Bxd4 Qxd4 14. Nf3 Qc5 15. Qc1 a5 16. h3 Rfd8 17. Qe3 Qxe3 18. fxe3 Ne4 19. Nd4 Ng3 20. Rfe1 Nxe2+ 21. Rxe2 Be4 22. Kf2 e5 23. Nb5 a4 24. Nc3 Bd3 25. Rd2 axb3 26. c5 e4 27. Rb2 bxa2 28. Raxa2 Rxa2 29. Nxa2 Rc8 30. Nb4 Bc4 31. Rc2 Be6 32. Rc3 g5 33. Nc2 Kg7 34. Nd4 Bd7 35. Rb3 Rxc5 36. Rxb7 Bc8 37. Re7 Bf5 38. g4 Bg6 39. Kg3 Rc3 40. Kf2 Kf6 41. Ra7 h5 42. Ra6+ Kg7 43. gxh5 Bxh5 44. Nf5+ Kg8 45. Ra8+ Kh7 46. Ra7 Rc2+ 47. Kg3 Bf3 48. Rxf7+ Kg6 49. Rg7+ Kxf5 50. h4 Rg2+ 51. Kh3 g4+ 52. Rxg4 Rxg4 53. h5 Kg5 54. h6 Rh4+ 55. Kg3 Rxh6 56. Kf2 Kg4 57. Kg1 Rh1+ 58. Kf2 Rh2+ 0-1

[Event "Titled Tuesday 2021.11.23"]
[Site "chess.com INT"]
[Date "2021.11.23"]
[Round "1"]
[White "Sliwicka, Alicja"]
[Black "Preotu, Razvan"]
[Result "0-1"]
[WhiteElo "2303"]
[BlackElo "2473"]
[WhiteFideId "-1"]
[WhiteFideId "-1"]
[PlyCount "108"]
[GameId "2130307580785089"]
[EventDate "2021.11.23"]
[EventType "swiss (blitz)"]
[EventRounds "11"]
[EventCountry "NET"]
[SourceTitle "The Week in Chess 1412"]
[Source "Mark Crowther"]
[SourceDate "2021.11.29"]
[SourceVersion "2"]
[SourceVersionDate "2021.11.30"]
[SourceQuality "2"]

1. e4 c5 2. Nf3 d6 3. d4 cxd4 4. Nxd4 Nf6 5. Nc3 a6 6. Nb3 g6 7. Be2 Bg7 8. g4 Nc6 9. Be3 h5 10. g5 Ng4 11. Bf4 O-O 12. h3 Nge5 13. Bg3 b5 14. f4 Nc4 15. Bxc4 bxc4 16. Nd2 Rb8 17. Na4 d5 18. c3 e5 19. exd5 Qxd5 20. Qf3 Qb5 21. b3 Bb7 22. O-O Nb4 23. Qf2 Nd3 24. Qe3 exf4 25. Bxf4 Rbe8 26. Qg3 Re2 27. Nf3 cxb3 28. axb3 Qf5 29. Nh4 Qe4 30. Rf3 Re8 31. Raf1 Nxf4 32. Qxf4 Qc2 33. Qxf7+ Kh7 34. Qxg6+ Qxg6 35. Nxg6 Kxg6 36. R3f2 Rxf2 37. Rxf2 Re1+ 38. Rf1 Rxf1+ 39. Kxf1 Kxg5 40. Nc5 Bc8 41. Kg2 Kf4 42. Kf2 Bxc3 43. Nd3+ Ke4 44. Ke2 Kd4 45. Nf4 h4 46. Ng6 Bxh3 47. Nxh4 Bg4+ 48. Kf2 Kd3 49. Ng2 Bd4+ 50. Kg3 Bd1 51. Ne1+ Kc3 52. b4 Kxb4 53. Nd3+ Kc3 54. Ne1 a5 0-1

[Event "Titled Tuesday 2021.11.23"]
[Site "chess.com INT"]
[Date "2021.11.23"]
[Round "4"]
[White "Preotu, Razvan"]
[Black "Sokolovsky, Yahli"]
[Result "0-1"]
[WhiteElo "2473"]
[BlackElo "2397"]
[WhiteFideId "-1"]
[WhiteFideId "-1"]
[PlyCount "80"]
[GameId "2130307580793486"]
[EventDate "2021.11.23"]
[EventType "swiss (blitz)"]
[EventRounds "11"]
[EventCountry "NET"]
[SourceTitle "The Week in Chess 1412"]
[Source "Mark Crowther"]
[SourceDate "2021.11.29"]
[SourceVersion "2"]
[SourceVersionDate "2021.11.30"]
[SourceQuality "2"]

1. e4 g6 2. d4 Bg7 3. Nc3 d6 4. Be3 a6 5. Qd2 b5 6. O-O-O Bb7 7. f3 Nd7 8. h4 h5 9. Nh3 Rc8 10. Ng5 c5 11. dxc5 Nxc5 12. Bd4 Nf6 13. Kb1 Qa5 14. a3 Na4 15. Nxa4 Qxa4 16. Rc1 Nxe4 17. Nxe4 Qxd4 18. Qxd4 Bxd4 19. Re1 Kd7 20. Bd3 Be5 21. Re2 Bd5 22. Rf1 Bg7 23. f4 f5 24. Ng5 e5 25. fxe5 dxe5 26. Rd1 Kc6 27. c3 Rcd8 28. Red2 Bb3 29. Bc2 Bd5 30. b3 Bf6 31. c4 bxc4 32. bxc4 Bxc4 33. Ba4+ Kc5 34. Rxd8 Rxd8 35. Rc1 Rb8+ 36. Kc2 e4 37. Kd2 Rb2+ 38. Ke1 Kd5 39. Nh3 Bxh4+ 40. Kd1 Be2# 0-1

[Event "Titled Tuesday 2021.11.23"]
[Site "chess.com INT"]
[Date "2021.11.23"]
[Round "7"]
[White "Preotu, Razvan"]
[Black "Adewumi, Tanitoluwa"]
[Result "1-0"]
[WhiteElo "2473"]
[BlackElo "2121"]
[WhiteFideId "-1"]
[WhiteFideId "-1"]
[PlyCount "119"]
[GameId "2130307580801865"]
[EventDate "2021.11.23"]
[EventType "swiss (blitz)"]
[EventRounds "11"]
[EventCountry "NET"]
[SourceTitle "The Week in Chess 1412"]
[Source "Mark Crowther"]
[SourceDate "2021.11.29"]
[SourceVersion "2"]
[SourceVersionDate "2021.11.30"]
[SourceQuality "2"]

1. e4 e5 2. Nf3 Nc6 3. Bc4 Bc5 4. c3 Nf6 5. d3 h6 6. O-O O-O 7. Re1 d6 8. h3 Be6 9. Bxe6 fxe6 10. b4 Bb6 11. a4 a5 12. b5 Ne7 13. Nbd2 Ng6 14. Nc4 Bc5 15. d4 exd4 16. cxd4 Bb4 17. Bd2 Bxd2 18. Ncxd2 Nh5 19. Qb3 Qe7 20. g3 Rf7 21. Rac1 Raf8 22. Re3 Kh7 23. e5 d5 24. Qc2 Qe8 25. Rc3 Nhf4 26. gxf4 Rxf4 27. Kh1 Kg8 28. Rg1 Nh4 29. Nxh4 Rxh4 30. Qd3 Qh5 31. Qg3 g5 32. Kh2 Rxd4 33. Nf3 Rdf4 34. Ne1 Rxf2+ 35. Rg2 Rf1 36. Rxc7 Qd1 37. Qd3 Qxd3 38. Nxd3 Rd1 39. Nc5 Rc1 40. Nxe6 Rxc7 41. Nxc7 Rd8 42. e6 Kf8 43. Rf2+ Ke7 44. Rf7+ Kd6 45. e7 Kxc7 46. exd8=Q+ Kxd8 47. Rxb7 Kc8 48. Rh7 Kd8 49. Rxh6 Kc7 50. Rc6+ Kd7 51. Rg6 d4 52. Rxg5 d3 53. Rd5+ Ke6 54. Rxd3 Ke5 55. b6 Kf6 56. b7 Kf5 57. b8=Q Kg6 58. Qe5 Kh7 59. Rd7+ Kg8 60. Qg7# 1-0

[Event "Titled Tuesday 2021.11.23"]
[Site "chess.com INT"]
[Date "2021.11.23"]
[Round "8"]
[White "Lazavik, Denis"]
[Black "Preotu, Razvan"]
[Result "1-0"]
[WhiteElo "2465"]
[BlackElo "2473"]
[WhiteFideId "-1"]
[WhiteFideId "-1"]
[PlyCount "63"]
[GameId "2130307580806000"]
[EventDate "2021.11.23"]
[EventType "swiss (blitz)"]
[EventRounds "11"]
[EventCountry "NET"]
[SourceTitle "The Week in Chess 1412"]
[Source "Mark Crowther"]
[SourceDate "2021.11.29"]
[SourceVersion "2"]
[SourceVersionDate "2021.11.30"]
[SourceQuality "2"]

1. d4 Nf6 2. c4 g6 3. g3 c6 4. Nf3 d5 5. b3 Bg7 6. Bg2 O-O 7. Bb2 dxc4 8. bxc4 c5 9. O-O cxd4 10. Nxd4 Qb6 11. Qc1 Bd7 12. Nd2 Nc6 13. N2b3 Rac8 14. Rd1 Rfd8 15. Rb1 Ne5 16. c5 Qa6 17. Bc3 Ba4 18. Qa3 Nd5 19. Ba5 Bxb3 20. Nxb3 Nc4 21. Qa4 Nc3 22. Bxb7 Rxd1+ 23. Rxd1 Nxe2+ 24. Kf1 Qxb7 25. Qxc4 Qf3 26. Rd3 Qh5 27. h4 e5 28. c6 Nd4 29. c7 Qe2+ 30. Kg2 Qxa2 31. Qa6 Rf8 32. Nxd4 1-0

[Event "Titled Tuesday 2021.11.23"]
[Site "chess.com INT"]
[Date "2021.11.23"]
[Round "10"]
[White "Preotu, Razvan"]
[Black "Ambartsumova, Karina"]
[Result "1-0"]
[WhiteElo "2473"]
[BlackElo "2382"]
[WhiteFideId "-1"]
[WhiteFideId "-1"]
[PlyCount "39"]
[GameId "2130307580810215"]
[EventDate "2021.11.23"]
[EventType "swiss (blitz)"]
[EventRounds "11"]
[EventCountry "NET"]
[SourceTitle "The Week in Chess 1412"]
[Source "Mark Crowther"]
[SourceDate "2021.11.29"]
[SourceVersion "2"]
[SourceVersionDate "2021.11.30"]
[SourceQuality "2"]

1. e4 c5 2. Nf3 e6 3. c3 d5 4. exd5 exd5 5. d4 Nc6 6. Bb5 Bd6 7. O-O Nge7 8. dxc5 Bxc5 9. Nbd2 O-O 10. Nb3 Bb6 11. Re1 Nf5 12. a4 a5 13. Bf4 g6 14. Qd2 Be6 15. Rad1 Bc7 16. Nc5 Bxf4 17. Qxf4 Qb6 18. Nxe6 fxe6 19. Rxe6 Nfd4 20. Qxd4 1-0

[Event "Titled Tuesday 2021.11.23"]
[Site "chess.com INT"]
[Date "2021.11.23"]
[Round "11"]
[White "Willow, Jonah B"]
[Black "Preotu, Razvan"]
[Result "0-1"]
[WhiteElo "2350"]
[BlackElo "2473"]
[WhiteFideId "-1"]
[WhiteFideId "-1"]
[PlyCount "74"]
[GameId "2130307580810267"]
[EventDate "2021.11.23"]
[EventType "swiss (blitz)"]
[EventRounds "11"]
[EventCountry "NET"]
[SourceTitle "The Week in Chess 1412"]
[Source "Mark Crowther"]
[SourceDate "2021.11.29"]
[SourceVersion "2"]
[SourceVersionDate "2021.11.30"]
[SourceQuality "2"]

1. e4 c5 2. Nf3 d6 3. Nc3 Nf6 4. e5 dxe5 5. Nxe5 a6 6. g3 Qd6 7. Qe2 Nc6 8. Nxc6 Qxc6 9. Rg1 Bg4 10. Bg2 Qxg2 11. Rxg2 Bxe2 12. Kxe2 Rc8 13. d3 e6 14. Bf4 Nd5 15. Nxd5 exd5 16. Kd2 Kd7 17. Re1 Be7 18. Re5 d4 19. Rg1 f6 20. Re4 g5 21. Rge1 Rhe8 22. h4 gxf4 23. Rxf4 Bd8 24. Rg1 Rc6 25. Rf5 Ba5+ 26. c3 Rb6 27. b4 dxc3+ 28. Kxc3 Bxb4+ 29. Kc4 Rd6 30. Rd1 Re2 31. Kb3 b5 32. a3 Ba5 33. Rxc5 Rxf2 34. Rh5 Kc6 35. Rc1+ Kb6 36. Rd1 Rc6 37. d4 Rc3# 0-1

[Event "Titled Tuesday 2021.11.16"]
[Site "Chess.com INT"]
[Date "2021.11.16"]
[Round "8"]
[White "Preotu, Razvan"]
[Black "Postnikov, Daniil"]
[Result "1-0"]
[WhiteElo "2473"]
[BlackElo "2360"]
[WhiteFideId "-1"]
[WhiteFideId "-1"]
[PlyCount "49"]
[GameId "1717707255087104"]
[EventDate "2021.11.16"]
[EventType "swiss (blitz)"]
[EventRounds "11"]
[EventCountry "NET"]
[SourceTitle "CBM 205 Extra"]
[Source "ChessBase"]
[SourceDate "2022.01.31"]
[SourceVersion "1"]
[SourceVersionDate "2022.01.31"]
[SourceQuality "1"]

1. e4 e6 2. d4 d5 3. Nc3 Nf6 4. e5 Nfd7 5. f4 c5 6. Nf3 Nc6 7. Be3 Rb8 8. Qd2 Qa5 9. Bb5 c4 10. f5 Nb6 11. fxe6 Bxe6 12. Ng5 Be7 13. Nxe6 fxe6 14. O-O Rf8 15. Qe2 g6 16. Rxf8+ Bxf8 17. Rf1 Nd7 18. Qg4 Nd8 19. Bg5 Qb6 20. Rxf8+ Kxf8 21. Bxd7 Nf7 22. h4 Nxe5 23. Qf4+ Kg8 24. Qxe5 Kf7 25. Qf6+ 1-0

[Event "Titled Tuesday 2021.11.16"]
[Site "Chess.com INT"]
[Date "2021.11.16"]
[Round "9"]
[White "Karpeshov, Oleg Mikhailovich"]
[Black "Preotu, Razvan"]
[Result "0-1"]
[WhiteElo "2294"]
[BlackElo "2473"]
[WhiteFideId "-1"]
[WhiteFideId "-1"]
[PlyCount "60"]
[GameId "1717707255799808"]
[EventDate "2021.11.16"]
[EventType "swiss (blitz)"]
[EventRounds "11"]
[EventCountry "NET"]
[SourceTitle "CBM 205 Extra"]
[Source "ChessBase"]
[SourceDate "2022.01.31"]
[SourceVersion "1"]
[SourceVersionDate "2022.01.31"]
[SourceQuality "1"]

1. d4 Nf6 2. c4 g6 3. Nc3 d5 4. Nf3 Bg7 5. Qb3 dxc4 6. Qxc4 O-O 7. e4 a6 8. e5 b5 9. Qb3 Nfd7 10. e6 fxe6 11. Be3 Nf6 12. Rd1 Qd6 13. Be2 Bb7 14. O-O Ng4 15. d5 Nxe3 16. fxe3 Qb6 17. Nd4 Rxf1+ 18. Bxf1 Bxd4 19. Rxd4 Nd7 20. dxe6 Nc5 21. Qd1 Nxe6 22. Nd5 Bxd5 23. Rxd5 Qxe3+ 24. Kh1 Rf8 25. Rd3 Qf2 26. Be2 c5 27. Rd2 Qe3 28. Bf3 Nd4 29. Bd5+ e6 30. Bb7 Qxd2 0-1

[Event "Titled Tuesday 2021.11.16"]
[Site "chess.com INT"]
[Date "2021.11.16"]
[Round "1"]
[White "Redzisz, Michal"]
[Black "Preotu, Razvan"]
[Result "1/2-1/2"]
[WhiteElo "2257"]
[BlackElo "2473"]
[WhiteFideId "-1"]
[WhiteFideId "-1"]
[PlyCount "151"]
[GameId "2130307580964256"]
[EventDate "2021.11.16"]
[EventType "k.o. (blitz)"]
[EventRounds "11"]
[EventCountry "NET"]
[SourceTitle "The Week in Chess 1411"]
[Source "Mark Crowther"]
[SourceDate "2021.11.22"]
[SourceVersion "1"]
[SourceVersionDate "2021.11.22"]
[SourceQuality "2"]

1. c4 c5 2. Nf3 Nc6 3. g3 g6 4. Bg2 Bg7 5. O-O e5 6. e4 Nge7 7. d3 O-O 8. Ne1 d6 9. Nc3 f5 10. f4 Nd4 11. Nc2 Be6 12. Ne3 Qd7 13. Ned5 Bxd5 14. cxd5 b5 15. fxe5 Bxe5 16. Bf4 b4 17. Bxe5 dxe5 18. Ne2 fxe4 19. dxe4 Rxf1+ 20. Qxf1 Rf8 21. Qd1 Nc8 22. Nxd4 cxd4 23. Qd3 Nd6 24. Rf1 Qb5 25. Qxb5 Nxb5 26. Rc1 d3 27. Bf1 d2 28. Rd1 Nd4 29. Kg2 Rc8 30. Rxd2 Kf8 31. b3 Ke7 32. Bc4 a5 33. Rf2 a4 34. d6+ Kxd6 35. Rf6+ Kc5 36. Rf7 axb3 37. axb3 Ra8 38. Rc7+ Kd6 39. Rxh7 Ra2+ 40. Kh3 Nf3 41. Kg4 Nxh2+ 42. Kg5 Rg2 43. Rh3 Kc5 44. Kxg6 Kd4 45. Kf5 Nf3 46. g4 Nd2 47. Rd3+ Kc5 48. Rd5+ Kc6 49. Kxe5 Nxc4+ 50. bxc4 b3 51. Rb5 b2 52. Kf4 Rc2 53. g5 Kd6 54. g6 Ke6 55. Rb6+ Ke7 56. Ke5 Rg2 57. Rb7+ Kf8 58. g7+ Kg8 59. c5 Rc2 60. Kd6 Rd2+ 61. Ke5 Rc2 62. Kf6 Rf2+ 63. Ke6 Rd2 64. c6 Rc2 65. c7 Rxc7 66. Rxb2 Kxg7 67. Rg2+ Kf8 68. e5 Re7+ 69. Kf5 Rh7 70. e6 Ke7 71. Ke5 Rh5+ 72. Kd4 Kxe6 73. Re2+ Kd6 74. Ke3 Re5+ 75. Kd2 Rxe2+ 76. Kxe2 1/2-1/2

[Event "Titled Tuesday 2021.11.16"]
[Site "chess.com INT"]
[Date "2021.11.16"]
[Round "2"]
[White "Preotu, Razvan"]
[Black "Chernomordik, Pavel"]
[Result "1-0"]
[WhiteElo "2473"]
[BlackElo "2182"]
[WhiteFideId "-1"]
[WhiteFideId "-1"]
[PlyCount "47"]
[GameId "2130307580964325"]
[EventDate "2021.11.16"]
[EventType "k.o. (blitz)"]
[EventRounds "11"]
[EventCountry "NET"]
[SourceTitle "The Week in Chess 1411"]
[Source "Mark Crowther"]
[SourceDate "2021.11.22"]
[SourceVersion "1"]
[SourceVersionDate "2021.11.22"]
[SourceQuality "2"]

1. e4 g6 2. d4 Bg7 3. Nc3 d6 4. Be3 a6 5. Qd2 b5 6. O-O-O Bb7 7. f3 Nd7 8. h4 h6 9. Nh3 e6 10. g4 Nb6 11. a3 Ne7 12. h5 g5 13. f4 gxf4 14. Bxf4 Qd7 15. g5 hxg5 16. Nxg5 Nc6 17. d5 Nd4 18. Be3 c5 19. dxc6 Qxc6 20. Bxd4 e5 21. Bxb6 Qxb6 22. Nd5 Bxd5 23. Qxd5 O-O-O 24. Nxf7 1-0